00494nam a2200205Ia 4500003000900000008004100009040001300050040001300063041000800076100002000084245007900104250001100183260002100194260000900215300001100224300001000235490001900245490000700264700001700271IT-RoPAU120407s9999 xx 000 0 und d aIT-RoPAU cIT-RoPAU aita aDomenico Agasso aMichele Pellegrino uomo di cultura, cardinale audace, voce dei senza nome. aMilano aEdizioni Paoline c1988 a165 p. c21 cm aUomini e donne v91 aRenzo Agasso